000 00822nam a2200241Ia 4500
008 130821s1993 ve gr spa
020 _a980276275x
040 _aCo-BoUCM
_bspa
041 0 0 _aspa
100 _aRodo, José Enrique
_d1872-1917
_9145519
245 0 0 _aAriel
_cJosé Enrique Rodó
250 _a3a. ed
260 _aCaracas (Venezuela)
_bFundación Biblioteca Ayacucho
_c1993
300 _apáginas 3-56 de 324 páginas
490 _aBiblioteca Ayacucho ; 3
500 _aCon : Motivos de Proteo. -- Incluye índices y cronología del autor
650 0 4 _aÉtica
_9195
650 0 4 _aFilosofía en la literatura
_915808
650 0 4 _aLiteratura uruguaya
_918753
650 0 4 _aNovela uruguaya
_920582
942 _cLIBRO
_a18
_e3
_kU
_mR63
_2DEWEY
_h863.42
999 _c24291
_d24291